000
00313nam a22001457a 4500
008
231127b ||||| |||| 00| 0 eng d
020
_a
0674891988
041
_a
eng
080
_a
91
082
_a
91GOU
100
_a
28
101
_a
HISTO
245
_a
TIMES ARROW TIMES CYCLE
_c
GOULD.J.S
942
_2
udc
_c
BK
999
_c
60539
_d
60539